[Event "Winter Server Series, S10007"]
[Site "CCLA"]
[Date "2021.02.22"]
[Round "?"]
[White "Williams, Rufus H."]
[Black "Jimenez, Jose"]
[Result "0-1"]
[WhiteElo "1265"]
[BlackElo "1151"]

1. d4 d5 2. Nf3 Nf6 3. h3 h5 4. Bg5 Nc6 5. c3 Ne4 6. Bh4 Qd6 7. e3 Bf5 8. 
Bb5 g6 9. Ne5 Bg7 10. Nd2 O-O 11. Bd3 f6 12. Nef3 g5 13. Nxe4 dxe4 14. Bg3
e5 15. Bxe5 fxe5 16. Bxe4 Bxe4 17. dxe5 Nxe5 18. O-O Nd3 19. Qe2 a6 20. 
Nxg5 Qg6 21. h4 Qf5 22. Nxe4 Qxe4 23. Rad1 Nf4 24. Qf3 Qxf3 25. gxf3 Ng6 
26. Rd5 Nxh4 27. Rxh5 Nxf3+ 28. Kg2 b5 29. a3 Rad8 30. Rfh1 Rd2 31. Rc5 
Rxb2 32. Rxc7 Nh4+ 33. Rxh4 Rfxf2+ 34. Kg3 Be5+ 35. Kg4 Bxc7 36. Kh5 Rb1 
37. Rg4+ Kh7 0-1

[Event "Winter Server Series, S10007"]
[Site "CCLA"]
[Date "2021.02.22"]
[Round "?"]
[White "Williams, Rufus H."]
[Black "Hathaway, Keith W."]
[Result "1-0"]
[WhiteElo "1265"]
[BlackElo "1091"]

1. d4 d5 2. Nf3 Nf6 3. h3 c5 4. dxc5 e6 5. b4 b6 6. e3 bxc5 7. bxc5 Bxc5 
8. Bd3 O-O 9. O-O Nc6 10. Bb2 Rb8 11. Qc1 Re8 12. Bxf6 Qxf6 13. Na3 e5 14.
 e4 dxe4 15. Bxe4 Nd4 16. Nxd4 {Black forfeits} 1-0

[Event "Winter Server Series, S10007"]
[Site "CCLA"]
[Date "2021.02.22"]
[Round "?"]
[White "Algeri, Brian"]
[Black "Williams, Rufus H."]
[Result "1-0"]
[WhiteElo "1319"]
[BlackElo "1265"]

1. Nf3 d5 2. d4 Nf6 3. c4 e6 4. e3 Bb4+ 5. Bd2 Bxd2+ 6. Nbxd2 O-O 7. Bd3 
c6 8. O-O b6 9. Ne5 Bb7 10. Ndf3 Nbd7 11. Qc2 Ne4 12. Bxe4 dxe4 13. Qxe4 
Nxe5 14. Qxe5 Rc8 15. Rad1 Qe7 16. d5 cxd5 17. cxd5 Bxd5 18. Rxd5 Rfe8 19.
 Rd4 h6 20. Rfd1 Kh8 21. h3 Kg8 22. Rd7 Qf8 23. Rxa7 Rc5 24. Qd6 Qxd6 25. 
Rxd6 b5 26. Rdd7 Rf8 27. Rab7 1-0

[Event "Winter Server Series, S10007"]
[Site "CCLA"]
[Date "2021.02.22"]
[Round "?"]
[White "Algeri, Brian"]
[Black "Jimenez, Jose"]
[Result "1-0"]
[WhiteElo "1319"]
[BlackElo "1151"]

1. Nf3 Nf6 2. d4 e6 3. Bg5 Be7 4. Nbd2 h6 5. Bxf6 Bxf6 6. e4 d6 7. Bd3 d5 
8. e5 Be7 9. c3 c6 10. O-O O-O 11. h3 f6 12. Bg6 f5 13. Nh2 Rf6 14. exf6 
Bxf6 15. Re1 Nd7 16. Rxe6 Nf8 17. Rxf6 Qxf6 18. Bh5 g6 19. Bf3 f4 20. Bg4 
g5 21. Qf3 Ng6 22. Bxc8 Rxc8 23. g3 Qf5 24. Qg4 Qxg4 25. Nxg4 Re8 26. Nf6+
Kf7 27. Nxe8 Kxe8 28. Re1+ Kf7 29. Kg2 fxg3 30. Kxg3 Nf4 31. Re3 Kg6 32. 
Nf3 Nh5+ 33. Kh2 Nf4 34. Ne5+ Kh5 35. Kg3 a5 36. h4 Ne6 37. hxg5 hxg5 38. 
Nd3 Nf4 39. Nxf4+ gxf4+ 40. Kxf4 b5 41. Re6 b4 42. Rxc6 bxc3 43. bxc3 a4 
44. a3 1-0

[Event "Winter Server Series, S10007"]
[Site "CCLA"]
[Date "2021.02.22"]
[Round "?"]
[White "Algeri, Brian"]
[Black "Hathaway, Keith W."]
[Result "1-0"]
[WhiteElo "1319"]
[BlackElo "1091"]

1. Nf3 d5 2. d4 Nf6 3. c4 e6 4. cxd5 exd5 5. Bg5 h6 6. Bxf6 Qxf6 7. e3 Bd6
8. Bd3 O-O 9. Nc3 Bb4 10. O-O Bg4 11. Nxd5 Qd6 12. Nxb4 Qxb4 13. b3 Nc6 
14. h3 Bh5 15. Be2 Rfe8 16. a3 Qc3 17. Nd2 Bg6 18. Nc4 Bc2 19. Qe1 Qxb3 
20. d5 {Black forfeits} 1-0

[Event "Winter Server Series, S10007"]
[Site "CCLA"]
[Date "2021.02.22"]
[Round "?"]
[White "Jimenez, Jose"]
[Black "Williams, Rufus H."]
[Result "0-1"]
[WhiteElo "1151"]
[BlackElo "1265"]

1. e4 e5 2. Nf3 Nf6 3. Bc4 Bc5 4. Ng5 O-O 5. Qe2 h6 6. Nf3 d6 7. O-O Bg4 
8. h3 Bxf3 9. Qxf3 Nc6 10. d3 Nd4 11. Qe3 Nxc2 12. Qg3 Nxa1 13. Bxh6 g6 
14. h4 Nh5 15. Qg5 Qxg5 16. Bxg5 Nc2 17. Nc3 c6 18. Rc1 Nd4 19. Re1 a6 20.
 Re3 Kh7 21. Na4 Ba7 22. g4 Ng7 23. b4 Nc2 24. Rf3 Nxb4 25. Rf6 b5 26. h5 
bxc4 27. dxc4 Nxa2 28. h6 Rab8 29. hxg7 Kxg7 30. Rxd6 Rb4 31. Bf6+ Kh7 32.
 Bxe5 Rxa4 33. Rxc6 Nc1 34. Rc7 Bb8 35. Rc5 Bxe5 36. Rxe5 Rxc4 37. f3 Ra8 
38. f4 Rc2 0-1

[Event "Winter Server Series, S10007"]
[Site "CCLA"]
[Date "2021.02.22"]
[Round "?"]
[White "Jimenez, Jose"]
[Black "Algeri, Brian"]
[Result "0-1"]
[WhiteElo "1151"]
[BlackElo "1319"]

1. e4 c6 2. Nc3 d5 3. d3 g6 4. Bf4 Na6 5. Nf3 Bg4 6. h3 Bxf3 7. gxf3 Bg7 
8. e5 e6 9. d4 Ne7 10. Bg5 Qc7 11. f4 Nf5 12. f3 h6 13. Bf6 Bxf6 14. exf6 
Qxf4 15. Rg1 Qh4+ 16. Kd2 Qxd4+ 17. Ke1 Qxg1 18. Kd2 Qe3# 0-1

[Event "Winter Server Series, S10007"]
[Site "CCLA"]
[Date "2021.02.22"]
[Round "?"]
[White "Jimenez, Jose"]
[Black "Hathaway, Keith W."]
[Result "0-1"]
[WhiteElo "1151"]
[BlackElo "1091"]

1. e4 e5 2. Nf3 Nc6 3. Bc4 Bc5 4. O-O Nf6 5. d3 O-O 6. Qd2 Nd4 7. Nxe5 Qe7
8. Qf4 Ne2+ 9. Kh1 Nxf4 10. Bxf4 Bd4 11. c3 Bxe5 12. g3 d5 13. Bb3 Bxf4 
14. gxf4 dxe4 15. Re1 Ng4 16. Rxe4 Nxf2+ 17. Kg1 Nxe4 18. dxe4 Qxe4 19. 
Nd2 Qxf4 20. Nc4 Bh3 21. Nd2 Qxd2 0-1

[Event "Winter Server Series, S10007"]
[Site "CCLA"]
[Date "2021.02.22"]
[Round "?"]
[White "Hathaway, Keith W."]
[Black "Williams, Rufus H."]
[Result "0-1"]
[WhiteElo "1091"]
[BlackElo "1265"]

1. e4 e5 2. Nf3 d6 3. d4 exd4 4. Nxd4 Nf6 5. Nc3 a6 6. Bc4 c5 7. Nf5 g6 
8. Nh6 Bxh6 9. Bxh6 Qe7 10. Bg5 h6 11. Nd5 Qxe4+ 12. Be3 Nxd5 13. Bxd5 
Qb4+ {White forfeits} 0-1

[Event "Winter Server Series, S10007"]
[Site "CCLA"]
[Date "2021.02.22"]
[Round "?"]
[White "Hathaway, Keith W."]
[Black "Algeri, Brian"]
[Result "0-1"]
[WhiteElo "1091"]
[BlackElo "1319"]

1. e4 c6 2. d4 d5 3. exd5 cxd5 4. Bd3 Nc6 5. Nf3 Bg4 6. c3 e5 7. dxe5 Nxe5
8. Bb5+ Nc6 9. O-O Nf6 10. Re1+ Be7 11. h3 Bxf3 12. Qxf3 O-O 13. Bf4 Bd6 
14. Nd2 h6 15. Bxd6 Qxd6 16. Qf5 Ne7 17. Qe5 Qb6 18. a4 Ng6 19. Qd4 Qd6 
20. Nc4 Qf4 21. Qxf4 Nxf4 22. Nd6 a6 0-1

[Event "Winter Server Series, S10007"]
[Site "CCLA"]
[Date "2021.02.22"]
[Round "?"]
[White "Hathaway, Keith W."]
[Black "Jimenez, Jose"]
[Result "0-1"]
[WhiteElo "1091"]
[BlackElo "1151"]

1. d4 d5 2. c4 dxc4 3. Nf3 Nf6 4. e3 Be6 5. Nc3 c6 6. a4 Na6 7. Ng5 Bf5 8.
 Bxc4 e6 9. O-O Nb4 10. e4 Bg6 11. e5 Nh5 12. g4 Nf6 13. exf6 gxf6 14. 
Nge4 f5 15. Bg5 fxe4 16. Bxd8 Rxd8 17. Re1 c5 18. Nxe4 cxd4 19. Nf6+ Ke7 
20. g5 h6 21. h4 d3 22. Qb3 a5 0-1

[Event "NA Class A Champ., Rd 1, S10008"]
[Site "CCLA"]
[Date "2021.04.23"]
[Round "?"]
[White "Bapple, Edward C."]
[Black "Clancey, James"]
[Result "1-0"]
[WhiteElo "1981"]
[BlackElo "1805"]

1. e4 c5 2. Nc3 Nc6 3. f4 g6 4. Nf3 Bg7 5. Bb5 Nd4 6. O-O a6 7. Bc4 b5 8. 
Bd5 Ra7 9. d3 e6 10. Bb3 d6 11. e5 dxe5 12. fxe5 Bb7 13. Ng5 Bc6 14. Nce4 
Bxe5 15. c3 h6 16. Nf3 Nxf3+ 17. Qxf3 Bxe4 18. Qxe4 Qd6 19. Bf4 Bxf4 20. 
Rxf4 Kf8 21. Raf1 Kg7 22. g4 Re7 23. Qg2 Rh7 24. Qg3 Qc7 25. Qe3 Qd6 26. 
d4 1-0

[Event "NA Class A Champ., Rd 1, S10008"]
[Site "CCLA"]
[Date "2021.04.23"]
[Round "?"]
[White "Bapple, Edward C."]
[Black "Cacas, Alexander"]
[Result "1-0"]
[WhiteElo "1981"]
[BlackElo "1825"]

1. e4 c5 2. Nc3 Nc6 3. f4 d6 4. Nf3 g6 5. Bb5 Bd7 6. O-O Bg7 7. d3 a6 8. 
Bxc6 Bxc6 9. Bd2 Qd7 10. Rb1 Nf6 11. Qe1 O-O 12. h3 b5 13. Qh4 b4 14. Nd1 
Rab8 15. Ne3 a5 16. f5 a4 17. Ng4 Nxg4 18. hxg4 d5 19. e5 f6 20. fxg6 hxg6
21. Rbe1 e6 22. exf6 Bxf6 23. g5 Bxb2 24. Bf4 Rbc8 25. Be5 Bxe5 26. Nxe5 
Rxf1+ 27. Rxf1 Qh7 28. Qg4 Bd7 29. Rf6 Re8 30. Rxg6+ Kf8 31. Nxd7+ Qxd7 
32. Qf4+ 1-0

[Event "NA Class A Champ., Rd 1, S10008"]
[Site "CCLA"]
[Date "2021.04.23"]
[Round "?"]
[White "Clancey, James"]
[Black "Bapple, Edward C."]
[Result "0-1"]
[WhiteElo "1805"]
[BlackElo "1981"]

1. d4 Nf6 2. Bg5 c5 3. d5 Ne4 4. Bf4 Qb6 5. Nd2 Qxb2 6. Nxe4 Qb4+ 7. Qd2 
Qxe4 8. f3 Qd4 9. Rb1 Qxd2+ 10. Bxd2 d6 11. e4 Nd7 12. Kf2 a6 13. a4 g6 
14. c4 Bg7 15. g3 O-O 16. a5 Rb8 17. Ne2 b5 0-1

[Event "NA Class A Champ., Rd 1, S10008"]
[Site "CCLA"]
[Date "2021.04.23"]
[Round "?"]
[White "Clancey, James"]
[Black "Cacas, Alexander"]
[Result "0-1"]
[WhiteElo "1805"]
[BlackElo "1825"]

1. e4 e6 2. d4 d5 3. Nc3 Bb4 4. e5 c5 5. a3 Bxc3+ 6. bxc3 Ne7 7. Qg4 Qc7 
8. Bd3 c4 9. Be2 Nf5 10. Bd1 Nc6 11. Nf3 Bd7 12. a4 O-O-O 13. Nh4 Qa5 14. 
Bd2 Nce7 15. Nxf5 Nxf5 16. O-O h6 17. Qe2 b5 18. g4 Ne7 19. f4 bxa4 20. 
Bc1 Qxc3 {adjudicated} 0-1

[Event "NA Class A Champ., Rd 1, S10008"]
[Site "CCLA"]
[Date "2021.04.23"]
[Round "?"]
[White "Cacas, Alexander"]
[Black "Bapple, Edward C."]
[Result "0-1"]
[WhiteElo "1825"]
[BlackElo "1981"]

1. d4 Nf6 2. c4 e6 3. Nc3 Bb4 4. e3 b6 5. Ne2 Ba6 6. a3 Bxc3+ 7. Nxc3 d5 
8. b3 O-O 9. Be2 dxc4 10. bxc4 Nc6 11. Bf3 Qd7 12. Qa4 Bb7 13. O-O Na5 14.
 Bxb7 Qxa4 15. Nxa4 Nxb7 16. Bb2 Rfd8 17. Rfd1 Ne4 18. f3 Ned6 19. Rac1 
Na5 20. Kf2 Naxc4 21. Rc2 Rac8 22. Rdc1 c6 23. e4 b5 24. Nc5 Nxb2 25. Rxb2
Nc4 26. Rxc4 bxc4 27. Ke3 Rb8 28. Rc2 g6 29. g4 Rb1 30. Rxc4 Rdb8 31. Ra4 
Ra8 32. Ra5 Kg7 33. a4 g5 34. Ra6 Rb6 35. Ra5 Kg6 36. Kd3 Rb2 37. Ra6 Rxh2
38. Rxc6 Rf2 39. Ke3 Ra2 40. d5 Ra3+ 41. Kf2 Rb8 42. Kg3 h5 43. gxh5+ Kxh5
44. dxe6 g4 45. exf7 Rxf3+ 46. Kg2 Rxf7 47. Nd3 Rf3 48. Rc5+ Kh4 49. Ne5 
Rb2+ 50. Kg1 Re3 51. Ng6+ Kg3 52. Rc1 Rbe2 53. Kf1 Rxe4 0-1

[Event "NA Class A Champ., Rd 1, S10008"]
[Site "CCLA"]
[Date "2021.04.23"]
[Round "?"]
[White "Cacas, Alexander"]
[Black "Clancey, James"]
[Result "1-0"]
[WhiteElo "1825"]
[BlackElo "1805"]

1. d4 Nf6 2. c4 g6 3. Nc3 d5 4. cxd5 Nxd5 5. e4 Nxc3 6. bxc3 Bg7 7. Bc4 c5
8. Ne2 Nc6 9. Be3 O-O 10. O-O Bg4 11. f3 Bd7 12. Rb1 Qc7 13. Qd2 Rad8 14. 
Rfc1 b6 15. Bb5 Na5 16. Bd3 Bc6 17. d5 c4 18. Bc2 e6 19. Nf4 Rd7 20. Rd1 
Rfd8 21. Rbc1 1-0

[Event "NA Class A Champ., Rd 1 Sect 2, S10009"]
[Site "CCLA"]
[Date "2021.04.23"]
[Round "?"]
[White "Stewart, Douglas"]
[Black "Thommen, John"]
[Result "1-0"]
[WhiteElo "1974"]
[BlackElo "1826"]

1. c4 Nc6 2. d4 d5 3. Nc3 dxc4 4. Nf3 Bg4 5. d5 Bxf3 6. exf3 Ne5 7. Bf4 
Ng6 8. Bxc4 Nf6 9. Bg3 a6 10. O-O Qd7 11. Qb3 b6 12. Nb5 Rc8 13. Na7 b5 
14. Nxc8 Qxc8 15. Be2 1-0

[Event "NA Class A Champ., Rd 1 Sect 2, S10009"]
[Site "CCLA"]
[Date "2021.04.23"]
[Round "?"]
[White "Stewart, Douglas"]
[Black "Stevens, Daniel L."]
[Result "1-0"]
[WhiteElo "1974"]
[BlackElo "1789"]

1. d4 Nf6 2. Nf3 c5 3. d5 b5 4. Bg5 Ne4 5. Bh4 h6 6. Nbd2 Nxd2 7. Nxd2 g5 
8. Bg3 Bg7 9. e4 Bxb2 10. Rb1 Bg7 11. Bxb5 O-O 12. h4 f6 13. e5 d6 14. e6 
a5 15. Bd3 Qe8 16. Qg4 f5 17. Bxf5 h5 18. Qxg5 Rf6 19. Ne4 Rh6 20. Bxd6 
1-0

[Event "NA Class A Champ., Rd 1 Sect 2, S10009"]
[Site "CCLA"]
[Date "2021.04.23"]
[Round "?"]
[White "Thommen, John"]
[Black "Stewart, Douglas"]
[Result "1-0"]
[WhiteElo "1826"]
[BlackElo "1974"]

1. f4 d5 2. g3 c5 3. Bg2 Nc6 4. Nf3 g6 5. O-O Bg7 6. d3 Nf6 7. Kh1 d4 8. 
Nbd2 Nd5 9. Nc4 O-O 10. Nce5 f6 11. Nxc6 bxc6 12. c4 dxc3 13. bxc3 Kh8 14.
 Bd2 Be6 15. e4 Nb6 16. Qe2 Qd7 17. Be3 c4 18. d4 Rab8 19. Rfd1 Rb7 20. 
Rab1 Rfb8 21. Qc2 Bh3 22. f5 Bxg2+ 23. Kxg2 e6 24. fxg6 hxg6 25. a4 a5 26.
 Bf4 Rf8 27. h4 Kh7 28. h5 gxh5 29. Bd6 Rh8 30. Bc5 Nc8 31. Rxb7 Qxb7 32. 
e5+ f5 33. Ng5+ Kg8 34. Nxe6 Qf7 35. Nf4 Bf8 36. Bxf8 Kxf8 37. e6 Qf6 38. 
d5 cxd5 39. Rxd5 Ne7 40. Rxa5 h4 41. Ra8+ Kg7 42. Rxh8 Kxh8 43. Qd2 hxg3 
44. Nh5 Qg6 45. Qd4+ Kh7 46. Qh4 Nc6 47. e7 Nxe7 48. Nf4+ Qh6 49. Qxe7+ 
Kg8 50. Qe8+ Kg7 51. Nh5+ Kh7 52. Qf7+ Kh8 53. Qf6+ 1-0

[Event "NA Class A Champ., Rd 1 Sect 2, S10009"]
[Site "CCLA"]
[Date "2021.04.23"]
[Round "?"]
[White "Thommen, John"]
[Black "Stevens, Daniel L."]
[Result "1/2-1/2"]
[WhiteElo "1826"]
[BlackElo "1789"]

1. f4 c5 2. Nf3 d5 3. e3 Nc6 4. Bb5 Bd7 5. b3 a6 6. Bxc6 Bxc6 7. Ne5 Qc7 
8. O-O g6 9. Bb2 Bg7 10. d3 e6 11. Nd2 Ne7 12. Ndf3 O-O 13. Qc1 Be8 14. 
Ng4 f6 15. c4 h5 16. Nf2 Rc8 17. Qc2 Nc6 18. cxd5 Nb4 19. Qc3 Nxd5 20. Qd2
Bc6 21. Rac1 b6 22. g3 Qb7 23. e4 Ne7 24. b4 cxb4 25. Qxb4 a5 26. Qb3 Bd7 
27. a4 Kh7 28. Nd4 e5 29. fxe5 fxe5 30. Ne6 Bxe6 31. Qxe6 Nc6 32. Nh3 
Rxf1+ 33. Rxf1 Nd8 34. Ng5+ Kh6 35. Nf7+ Nxf7 36. Rxf7 Rc7 37. Rxc7 
1/2-1/2

[Event "NA Class A Champ., Rd 1 Sect 2, S10009"]
[Site "CCLA"]
[Date "2021.04.23"]
[Round "?"]
[White "Stevens, Daniel L."]
[Black "Stewart, Douglas"]
[Result "0-1"]
[WhiteElo "1789"]
[BlackElo "1974"]

1. e4 c5 2. Nf3 Nc6 3. Bb5 g6 4. Bxc6 dxc6 5. O-O Bg7 6. h3 Nf6 7. d3 Nd7 
8. Nc3 Nf8 9. Be3 Ne6 10. Qd2 h6 11. Ne2 b6 12. c3 Ba6 13. Rad1 Qd7 14. 
Rfe1 O-O-O 15. d4 Kb7 16. b4 cxb4 17. cxb4 Bxe2 18. Qxe2 Nc7 19. a4 g5 20.
 Ne5 Qe6 21. Rc1 Bxe5 22. dxe5 Qxe5 23. Qc4 Qe6 24. Qc3 Rhg8 25. f3 Rd6 
26. Rcd1 f6 27. Bf2 Rgd8 28. Rxd6 Qxd6 29. Rc1 e5 30. a5 Nb5 31. Qc4 Nd4 
32. axb6 axb6 33. Ra1 Nb5 34. Qa2 Rb8 35. Qf7+ Nc7 36. Qg6 Qf8 37. Qh7 
Qxb4 38. Qxh6 Qf8 39. Qh7 Qd6 40. h4 gxh4 41. Qxh4 c5 42. Qh7 c4 43. Qf7 
Qe6 44. Qh7 Kc6 45. g4 b5 46. Qf5 Qxf5 47. exf5 c3 48. Be3 b4 0-1

[Event "NA Class A Champ., Rd 1 Sect 2, S10009"]
[Site "CCLA"]
[Date "2021.04.23"]
[Round "?"]
[White "Stevens, Daniel L."]
[Black "Thommen, John"]
[Result "1/2-1/2"]
[WhiteElo "1789"]
[BlackElo "1826"]

1. e4 Nf6 2. e5 Nd5 3. d4 c5 4. c4 Nc7 5. d5 g6 6. f4 d6 7. Nf3 Bg7 8. Bd3
Nd7 9. exd6 exd6 10. O-O O-O 11. Nc3 Nf6 12. f5 a6 13. Qc2 b5 14. b3 Rb8 
15. Rb1 bxc4 16. bxc4 Rxb1 17. Nxb1 Na8 18. Bg5 Nb6 19. Nc3 Re8 20. fxg6 
fxg6 21. Ne4 Rf8 22. Nh4 Nxe4 23. Bxd8 Bd4+ 24. Kh1 Rxf1+ 25. Bxf1 Nf2+ 
26. Qxf2 Bxf2 27. Nxg6 Nxd5 28. cxd5 hxg6 29. Bc7 c4 30. Bxc4 Bc5 31. h3 
Kf7 32. g4 g5 33. Kg2 Bb4 34. Kf3 Bd2 35. Bxd6 a5 36. Bc5 Bd7 37. Be3 Bxe3
38. Kxe3 Ke7 39. Kd4 Kd6 40. Bd3 Be8 41. h4 gxh4 42. g5 h3 43. Be4 1/2-1/2

[Event "2021 NA Class B Champ., Rd 1, S10010"]
[Site "CCLA"]
[Date "2021.04.23"]
[Round "1"]
[White "Rouse, LaMont"]
[Black "Strelecky, Rich"]
[Result "1/2-1/2"]
[WhiteElo "1677"]
[BlackElo "1805"]

1. Nc3 d5 2. e4 d4 3. Nce2 c5 4. Ng3 Bd7 5. Nf3 Nf6 6. Bc4 b5 7. Be2 Bc6 
8. d3 g6 9. O-O Bg7 10. Bd2 O-O 11. a3 Re8 12. Qc1 Nbd7 13. c3 dxc3 14. 
Bxc3 Bb7 15. Rd1 e5 16. b4 c4 17. dxc4 Nxe4 18. Nxe4 Bxe4 19. Qb2 bxc4 20.
 Bxc4 Bxf3 21. gxf3 Qg5+ 22. Kf1 Nb6 23. Bb3 Bf6 24. Rd6 Bg7 25. a4 Qe7 
26. Rad1 Qg5 27. a5 Nc8 28. Rd7 Ne7 29. Qa2 Rf8 30. Bc2 Nc6 31. Be4 Rac8 
32. Bxc6 Rxc6 33. Qd2 Qxd2 34. Bxd2 a6 35. Be3 h5 36. Bc5 Re8 37. Ra7 Bf8 
38. Bxf8 Rxf8 39. Rb7 Kg7 40. Rdd7 h4 41. h3 Rf6 42. Kg2 Ra8 43. Rd5 Rf5 
44. Rb6 Rg5+ 45. Kf1 Rf5 46. Ke2 g5 47. Rdd6 Rf4 48. Rd7 Rc8 49. b5 Rc2+ 
50. Rd2 Rxd2+ 51. Kxd2 axb5 52. Rxb5 Rxf3 53. Rxe5 Kg6 54. Ke2 Rxh3 55. 
Re3 Rh1 56. Ra3 h3 57. a6 h2 58. Rh3 f5 59. a7 Ra1 60. Rxh2 Rxa7 61. Rh8 
Ra2+ 62. Ke3 f4+ 63. Kf3 Kf5 64. Rf8+ Ke5 65. Re8+ Kf5 66. Rf8+ Ke6 67. 
Kg4 Ra5 68. Rg8 Kf6 69. Rf8+ Kg7 70. Rf5 Rxf5 71. Kxf5 Kh6 72. Kg4 Kg6 73.
 Kh3 Kf5 74. f3 Ke5 75. Kg4 Kf6 76. Kh3 Kf5 77. Kg2 g4 78. fxg4+ Kxg4 79. 
Kf2 f3 80. Kf1 Kg3 81. Kg1 Kh3 1/2-1/2

[Event "2021 NA Class B Champ., Rd 1, S10010"]
[Site "CCLA"]
[Date "2021.04.23"]
[Round "1"]
[White "Rouse, LaMont"]
[Black "Mann, Wallace"]
[Result "1-0"]
[WhiteElo "1677"]
[BlackElo "1714"]

1. b4 a5 2. b5 c6 3. c4 d5 4. e3 e5 5. Bb2 d4 6. a4 c5 7. Ne2 Be6 8. Ng3 
Nh6 9. h3 Be7 10. e4 O-O 11. d3 f5 12. Be2 Bh4 13. Nxf5 Bxf2+ 14. Kxf2 
Bxf5 15. exf5 Nxf5 16. Bf3 Ne3 17. Qe2 Qh4+ 18. g3 Ng4+ 19. Kg2 Ne3+ 20. 
Qxe3 1-0

[Event "2021 NA Class B Champ., Rd 1, S10010"]
[Site "CCLA"]
[Date "2021.04.23"]
[Round "1"]
[White "Rouse, LaMont"]
[Black "Catania, Duane"]
[Result "0-1"]
[WhiteElo "1677"]
[BlackElo "1618"]

1. b3 d5 2. Bb2 Nf6 3. e3 Bf5 4. Nf3 e6 5. c4 Nbd7 6. Be2 Be7 7. O-O O-O 
8. d4 h6 9. Nc3 a6 10. cxd5 exd5 11. Ne5 c6 12. Na4 Re8 13. Nxd7 Nxd7 14. 
Rc1 Bd6 15. Nc5 b6 16. Nxd7 Qxd7 17. Bd3 Rec8 18. Qc2 Bxd3 19. Qxd3 Qe6 
20. Rfe1 Qe4 21. Qxe4 dxe4 22. Rc2 Kf8 23. Rec1 c5 24. dxc5 bxc5 25. g3 
Ra7 26. b4 Rac7 27. bxc5 Be7 28. Bd4 f5 29. h3 Kf7 30. Kg2 Rc6 31. Rc4 Rb8
32. R1c2 g5 33. Be5 Rb5 34. Bd4 Ke6 35. f3 exf3+ 36. Kxf3 Kd5 37. a4 Rb3 
38. Ke2 f4 39. gxf4 gxf4 40. exf4 Rxh3 41. Bf2 Bf6 42. Rb4 Bh4 43. Rb6 
Bxf2 44. Rxc6 Kxc6 45. f5 Bxc5 46. Rc4 Kd5 47. Rf4 Bd6 48. Rf1 Rh4 49. f6 
Rf4 0-1

[Event "2021 NA Class B Champ., Rd 1, S10010"]
[Site "CCLA"]
[Date "2021.04.23"]
[Round "1"]
[White "Rouse, LaMont"]
[Black "Askvig, Brent"]
[Result "0-1"]
[WhiteElo "1677"]
[BlackElo "1644"]

1. c4 Nf6 2. Nc3 g6 3. e4 d6 4. d3 Bg7 5. Nf3 O-O 6. Be2 e5 7. O-O c6 8. 
b4 Ne8 9. Bb2 f5 10. exf5 Bxf5 11. a4 Nd7 12. b5 Nef6 13. h3 Qe7 14. Nh2 
Rad8 15. Bf3 Nc5 16. Be2 d5 17. bxc6 dxc4 18. Ba3 bxc6 19. Qc1 cxd3 20. 
Bd1 e4 21. Ng4 Nfd7 22. Rb1 Kh8 23. Ne3 Qe6 24. Nxf5 gxf5 25. Bxc5 Nxc5 
26. Qd2 f4 27. Bg4 Qe5 28. Na2 e3 29. fxe3 fxe3 30. Rxf8+ Rxf8 31. Qb4 e2 
32. Bf3 Qe3+ 33. Kh1 d2 34. Bxe2 Qxe2 35. Qxc5 Qe1+ 0-1

[Event "2021 NA Class B Champ., Rd 1, S10010"]
[Site "CCLA"]
[Date "2021.04.23"]
[Round "1"]
[White "Strelecky, Rich"]
[Black "Rouse, LaMont"]
[Result "1-0"]
[WhiteElo "1805"]
[BlackElo "1677"]

1. Nf3 Nf6 2. c4 g6 3. Nc3 Bg7 4. e4 d6 5. Be2 O-O 6. O-O Nc6 7. d4 e5 8. 
d5 Ne7 9. h3 c6 10. Bg5 cxd5 11. cxd5 h6 12. Be3 a6 13. Qd2 Kh7 14. b3 b5 
15. b4 Nh5 16. a4 bxa4 17. Nxa4 f5 18. Nb6 Rb8 19. Nxc8 Nxc8 20. exf5 gxf5
21. Rxa6 Nf6 22. b5 Ne4 23. Qa5 Qxa5 24. Rxa5 f4 25. Bd3 fxe3 26. Bxe4+ 
Kg8 27. fxe3 Nb6 28. Rc1 Nd7 29. Rc7 Nc5 30. Raa7 Bf6 31. Bh7+ Kh8 32. Bc2
Kg8 33. Nh4 Ra8 34. Bh7+ Kh8 35. Ng6# 1-0

[Event "2021 NA Class B Champ., Rd 1, S10010"]
[Site "CCLA"]
[Date "2021.04.23"]
[Round "1"]
[White "Strelecky, Rich"]
[Black "Mann, Wallace"]
[Result "0-1"]
[WhiteElo "1805"]
[BlackElo "1714"]

1. Nf3 f5 2. d4 Nf6 3. g3 g6 4. Bg2 Bg7 5. O-O O-O 6. c4 d6 7. Re1 c6 8. 
Nc3 Ne4 9. Nxe4 fxe4 10. Ng5 d5 11. cxd5 cxd5 12. f4 Nc6 13. e3 e5 14. 
dxe5 Nxe5 15. Bxe4 dxe4 16. Qxd8 Rxd8 17. fxe5 Bxe5 18. Nxe4 Bf5 19. Nf2 
Re8 20. Re2 Bd7 21. Rc2 Bc6 22. Nd3 Bg7 23. Nb4 Be4 24. Rf2 Rad8 25. a4 
Rd1+ 26. Rf1 Red8 27. h3 Rxf1+ 28. Kxf1 Rd1+ 29. Ke2 Rh1 30. Nd3 Bxd3+ 31.
 Kxd3 Rxh3 32. g4 Rg3 33. a5 Rxg4 34. e4 Rg1 35. Kc2 Rg2+ 36. Kb3 Rg1 37. 
Kc2 Rg2+ 38. Kb1 h5 39. Ra4 g5 40. Rb4 h4 41. Rxb7 h3 42. Rb8+ Kh7 43. Rb3
g4 44. a6 h2 0-1

[Event "2021 NA Class B Champ., Rd 1, S10010"]
[Site "CCLA"]
[Date "2021.04.23"]
[Round "1"]
[White "Strelecky, Rich"]
[Black "Catania, Duane"]
[Result "1-0"]
[WhiteElo "1805"]
[BlackElo "1618"]

1. Nf3 e6 2. g3 d5 3. Bg2 Nf6 4. O-O Be7 5. d3 O-O 6. Nbd2 c5 7. Nb3 Nc6 
8. Bf4 Bd7 9. Re1 Nh5 10. Be3 d4 11. Bd2 f5 12. e3 Nf6 13. exd4 cxd4 14. 
Nfxd4 Nxd4 15. Nxd4 Bc5 16. Nb3 Bb6 17. Bb4 Re8 18. Bc5 Rc8 19. d4 Bc6 20.
 Bxb6 axb6 21. f3 Qc7 22. Re5 Rcd8 23. c3 Kf7 24. Qe2 Rd6 25. Nd2 b5 26. 
f4 b6 27. Bxc6 Qxc6 28. Qxb5 Qc7 29. Qc4 Rc6 30. Qb3 h6 31. Rxf5 1-0

[Event "2021 NA Class B Champ., Rd 1, S10010"]
[Site "CCLA"]
[Date "2021.04.23"]
[Round "1"]
[White "Mann, Wallace"]
[Black "Rouse, LaMont"]
[Result "1-0"]
[WhiteElo "1714"]
[BlackElo "1677"]

1. e4 d5 2. exd5 Nf6 3. Bb5+ Bd7 4. Be2 Nxd5 5. d4 Nf6 6. c4 c6 7. Nc3 Bf5
8. Nf3 e6 9. O-O Be7 10. Nh4 Bg6 11. Nxg6 hxg6 12. Be3 Nbd7 13. g3 O-O 14.
 Bf3 Nb6 15. Qe2 Re8 16. h4 Nh5 17. Kg2 Nf6 18. Rad1 Qc7 19. b3 Bb4 20. 
Rd3 Rad8 21. h5 Bxc3 22. Rxc3 gxh5 23. Bxh5 e5 24. Rcc1 exd4 25. Bf4 Qxf4 
26. gxf4 Rxe2 27. Bxe2 Ne4 28. Rfd1 c5 29. f3 Nf6 30. Bd3 Nh5 31. f5 Nf4+ 
32. Kf2 Nxd3+ 33. Rxd3 Nd7 34. Re1 Kf8 35. f4 Nf6 36. Kf3 b6 37. a4 Re8 
38. Re5 Re7 39. Rd1 Nd7 40. Re2 Rxe2 41. Kxe2 Ke7 42. Kf3 Kf6 43. Ke4 Nb8 
44. Rh1 Nc6 45. Rh8 d3 46. Kxd3 Kxf5 47. Ke3 Nd4 48. Ra8 Nxb3 49. Rxa7 Kf6
50. Ra6 Na5 51. Rxb6+ Kf5 52. Kd3 Kxf4 53. Rf6+ Kg5 54. Rxf7 g6 55. Rc7 
Nb3 56. Kc3 Nc1 57. Rxc5+ Kf4 58. a5 g5 59. Rc8 g4 60. a6 g3 61. Rg8 Kf3 
62. a7 g2 63. a8=Q+ 1-0

[Event "2021 NA Class B Champ., Rd 1, S10010"]
[Site "CCLA"]
[Date "2021.04.23"]
[Round "1"]
[White "Mann, Wallace"]
[Black "Strelecky, Rich"]
[Result "0-1"]
[WhiteElo "1714"]
[BlackElo "1805"]

1. e4 e5 2. Nf3 Nc6 3. d4 exd4 4. Bc4 Nf6 5. e5 Qe7 6. O-O Ng4 7. Re1 Qc5 
8. Qe2 Nxf2 9. Bxf7+ Kxf7 10. Qxf2 Kg8 11. Kh1 Be7 12. a3 d3 13. Qxc5 Bxc5
14. cxd3 Nd4 15. Nxd4 Bxd4 16. Nc3 Bxc3 17. bxc3 b6 18. Bf4 Bb7 19. e6 d6 
20. c4 Re8 21. d4 h6 22. c5 dxc5 23. dxc5 Bd5 24. Bxc7 bxc5 25. e7 Kf7 26.
 Re5 Rxe7 27. Rxd5 Rxc7 28. Kg1 c4 29. Kf2 c3 30. Ke2 Ke6 31. Rd4 c2 32. 
Kd2 Rhc8 33. Kc1 Rf7 34. Kb2 Rf2 35. Re1+ Kf6 36. Rd6+ Kg5 37. Rd5+ Kf6 
38. Rd6+ Kf5 39. Rd5+ Kg6 40. Rd6+ Kh5 0-1